Andhra Pradesh District Gazetteers Warangal (Record no. 511727)

MARC details
000 -LEADER
fixed length control field 00725nam a2200241Ia 4500
003 - CONTROL NUMBER IDENTIFIER
control field OSt
005 - DATE AND TIME OF LATEST TRANSACTION
control field 20220925185653.0
008 - FIXED-LENGTH DATA ELEMENTS--GENERAL INFORMATION
fixed length control field 220923b |||||||| |||| 00| 0 eng d
037 ## - SOURCE OF ACQUISITION
Terms of availability General Book
040 ## - CATALOGING SOURCE
Original cataloging agency RTL
Transcribing agency RTL
Language of cataloging eng
041 ## - LANGUAGE CODE
Source of code eng
Language code of text/sound track or separate title eng
100 ## - MAIN ENTRY--PERSONAL NAME
Personal name Rajagopal M.V.
9 (RLIN) 235335
110 ## - MAIN ENTRY--CORPORATE NAME
Corporate name or jurisdiction name as entry element DISTRICT GAZETTEERS
9 (RLIN) 235336
245 #0 - TITLE STATEMENT
Title Andhra Pradesh District Gazetteers Warangal
260 ## - PUBLICATION, DISTRIBUTION, ETC.
Place of publication, distribution, etc. Andhra Pradesh
Name of publisher, distributor, etc. The Government Publication Bureau
Date of publication, distribution, etc. 1976
300 ## - PHYSICAL DESCRIPTION
Extent vii,369p
Dimensions cm.
700 ## - ADDED ENTRY--PERSONAL NAME
Personal name DISTRICT GAZETTEERS
9 (RLIN) 235337
942 ## - ADDED ENTRY ELEMENTS (KOHA)
Classification part E.216sN7, L6.WAR
Koha item type General Books
Source of classification or shelving scheme Colon Classification (CC)

No items available.

Copyright @ Delhi University Library System